[Event "Carnaval"]
[Site "Quebec CAN"]
[Date "2026.02.21"]
[Round "2"]
[White "Duong, Thanh Nha"]
[Black "Bain-Thouverez, Aurelien"]
[Result "1-0"]
[WhiteElo "2303"]
[BlackElo "1821"]
[WhiteFideId "-1"]
[BlackFideId "-1"]
[PlyCount "43"]
[GameId "2286552151539751"]
[EventDate "2026.02.20"]
[EventType "swiss"]
[EventRounds "5"]
[EventCountry "CAN"]
[TimeControl "5400+30"]

1. Nf3 Nf6 2. c4 c6 3. g3 d5 4. b3 Bf5 5. Bb2 e6 6. Bg2 h6 7. O-O Bd6 8. d3 O-O 9. Nc3 Nbd7 10. Re1 Ne5 11. Nd4 Bg4 12. h3 Bh5 13. cxd5 cxd5 14. Rc1 Nc6 15. Nxc6 bxc6 16. Na4 Bb4 17. Rf1 Qd6 18. Qc2 Nd7 19. g4 Bg6 20. Qxc6 Rac8 21. Qb7 Nc5 22. Qxb4 1-0

[Event "Carnaval"]
[Site "Quebec CAN"]
[Date "2026.02.21"]
[Round "2"]
[White "Papineau Esq, Daniel"]
[Black "Wu, Ting En Ryan"]
[Result "0-1"]
[WhiteElo "2010"]
[BlackElo "1839"]
[WhiteFideId "-1"]
[BlackFideId "-1"]
[PlyCount "114"]
[GameId "2286552151543848"]
[EventDate "2026.02.20"]
[EventType "swiss"]
[EventRounds "5"]
[EventCountry "CAN"]
[TimeControl "5400+30"]

1. d4 d5 2. c4 c6 3. Nf3 Nf6 4. Nc3 e6 5. e3 Bd6 6. g4 Nbd7 7. Qc2 Nxg4 8. Rg1 h5 9. h3 Nh6 10. e4 dxe4 11. Nxe4 Bb4+ 12. Bd2 Bxd2+ 13. Qxd2 Nf6 14. Nc3 Nf5 15. O-O-O Bd7 16. Ne5 Rc8 17. Kb1 Qc7 18. Qf4 b5 19. Rxg7 Nxg7 20. Qxf6 O-O 21. Bd3 Qd8 22. Qh6 f5 23. Rg1 Qe7 24. Ne2 Be8 25. Qe3 Qf6 26. c5 Rd8 27. f4 Kh7 28. Rg5 Rd5 29. Ng1 Bd7 30. Ngf3 Qh6 31. Qg1 Be8 32. Qg3 h4 33. Qf2 Rh8 34. Bc2 Kg8 35. Bb3 Rd8 36. Qe1 Qf6 37. Qa5 Ra8 38. Qc7 Rh7 39. Nxc6 Kh8 40. Qb7 Bxc6 41. Qxc6 Rd8 42. d5 Nh5 43. Qxe6 Qxe6 44. dxe6 Nxf4 45. Ne5 Nxh3 46. Rxf5 Re8 47. Nf7+ Kg7 48. Rf3 Ng1 49. Rf2 h3 50. Ng5 Rh5 51. Rf7+ Kg6 52. Nxh3 Nxh3 53. c6 Ng5 54. Rxa7 Nxe6 55. a3 Rc5 56. Ra6 Nc7 57. Rb6 Re3 0-1

[Event "Carnaval"]
[Site "Quebec CAN"]
[Date "2026.02.21"]
[Round "2"]
[White "Wilkin, Alain"]
[Black "Lamontagne, Damien"]
[Result "1/2-1/2"]
[WhiteElo "1813"]
[BlackElo "1905"]
[WhiteFideId "-1"]
[BlackFideId "-1"]
[PlyCount "103"]
[GameId "2286552151543849"]
[EventDate "2026.02.20"]
[EventType "swiss"]
[EventRounds "5"]
[EventCountry "CAN"]
[TimeControl "5400+30"]

1. Nf3 Nf6 2. d4 e6 3. c4 c5 4. e3 b6 5. Nc3 Be7 6. Bd3 Bb7 7. O-O O-O 8. b3 d5 9. cxd5 exd5 10. Bb2 Nc6 11. Rc1 Rc8 12. Re1 a6 13. Bf5 Rc7 14. dxc5 bxc5 15. Na4 Ne4 16. Ba3 Na5 17. Bxe4 dxe4 18. Qxd8 Rxd8 19. Ne5 f6 20. Nc4 Nxc4 21. Rxc4 Rd2 22. Nc3 Rc2 23. Rc1 Rxc1+ 24. Bxc1 Rd7 25. Kf1 a5 26. Ke1 f5 27. Bd2 Rd3 28. Na4 Ba6 29. Rc2 Rd5 30. Nb2 Bd8 31. Na4 Be7 32. Bxa5 Bd3 33. Rc1 c4 34. b4 Bf6 35. Nc3 Rd7 36. a3 g5 37. b5 f4 38. g3 fxe3 39. fxe3 g4 40. Ne2 Bb2 41. Rd1 Bxa3 42. Bc3 Rb7 43. Nd4 Bc5 44. Ra1 Bxd4 45. Bxd4 Rxb5 46. Ra8+ Kf7 47. Ra7+ Ke6 48. Rxh7 Rf5 49. Kd2 Rf2+ 50. Kc3 Rc2+ 51. Kb4 Ra2 52. Rh6+ 1/2-1/2

[Event "Carnaval"]
[Site "Quebec CAN"]
[Date "2026.02.21"]
[Round "2"]
[White "Saine, Zachary"]
[Black "Genest, Jean-Philippe"]
[Result "1-0"]
[WhiteElo "2133"]
[BlackElo "1694"]
[WhiteFideId "-1"]
[BlackFideId "-1"]
[PlyCount "59"]
[GameId "2286552151547946"]
[EventDate "2026.02.20"]
[EventType "swiss"]
[EventRounds "5"]
[EventCountry "CAN"]
[TimeControl "5400+30"]

1. e4 c5 2. Nf3 d6 3. d4 cxd4 4. Nxd4 Nf6 5. Nc3 g6 6. f3 Nc6 7. Be3 h5 8. Qd2 Nxd4 9. Bxd4 Bh6 10. Qf2 Qa5 11. Bb5+ Kf8 12. Rd1 Be6 13. O-O Rc8 14. Be2 a6 15. a3 Bg7 16. Bb6 Qg5 17. Be3 Qa5 18. Bb6 Qg5 19. h4 Qh6 20. Be3 Qh7 21. Na4 Rxc2 22. Rc1 Bb3 23. Rxc2 Bxc2 24. Nb6 Bb3 25. Rc1 Be6 26. Rc7 Ne8 27. Rxb7 Bxb2 28. a4 a5 29. Bb5 f5 30. Qxb2 1-0

[Event "Carnaval"]
[Site "Quebec CAN"]
[Date "2026.02.21"]
[Round "2"]
[White "Berube, Antoine"]
[Black "Dube, Daniel"]
[Result "1-0"]
[WhiteElo "2214"]
[BlackElo "1840"]
[WhiteFideId "-1"]
[BlackFideId "-1"]
[PlyCount "115"]
[GameId "2286552151547947"]
[EventDate "2026.02.20"]
[EventType "swiss"]
[EventRounds "5"]
[EventCountry "CAN"]
[TimeControl "5400+30"]

1. d4 e6 2. c4 Nf6 3. Nf3 Bb4+ 4. Bd2 Bxd2+ 5. Qxd2 b6 6. Nc3 Bb7 7. d5 d6 8. g3 e5 9. Bg2 O-O 10. O-O Qe7 11. Qc2 Re8 12. Nd2 Nbd7 13. b4 Rec8 14. Qb2 c5 15. b5 a6 16. a4 a5 17. e4 Re8 18. Rae1 Nf8 19. Nd1 Ng6 20. Qc1 Nh5 21. Ne3 Bc8 22. Qd1 Qg5 23. Kh1 Qh6 24. Bf3 Nf6 25. Rg1 Qg5 26. Qe2 Nd7 27. Nf5 Qf6 28. Nf1 Ne7 29. Nh4 Ng6 30. Ng2 Ndf8 31. Nfe3 Ra7 32. Bg4 Bxg4 33. Nxg4 Qd8 34. N4e3 Ne7 35. Qc2 g6 36. f4 Nd7 37. Rgf1 f6 38. h4 Rf8 39. f5 Rf7 40. fxg6 hxg6 41. Rf3 Kg7 42. Ref1 Ng8 43. Kg1 Nf8 44. Qf2 Nh6 45. Ne1 Nh7 46. g4 g5 47. Rh3 Ng8 48. Nf3 gxh4 49. Qxh4 Ng5 50. Nxg5 fxg5 51. Qh7+ Kf8 52. Rhf3 Qe8 53. Qg6 Rxf3 54. Rxf3+ Rf7 55. Qxd6+ Ne7 56. Nf5 Qc8 57. Qh6+ Kg8 58. Qxg5+ 1-0

[Event "Carnaval"]
[Site "Quebec CAN"]
[Date "2026.02.21"]
[Round "2"]
[White "Zhang, Yitian"]
[Black "Gutierrez, Renzo"]
[Result "0-1"]
[WhiteElo "1828"]
[BlackElo "2206"]
[WhiteFideId "-1"]
[BlackFideId "-1"]
[PlyCount "78"]
[GameId "2286552151552044"]
[EventDate "2026.02.20"]
[EventType "swiss"]
[EventRounds "5"]
[EventCountry "CAN"]
[TimeControl "5400+30"]

1. d4 Nf6 2. c4 e6 3. Nc3 Bb4 4. Qc2 d5 5. cxd5 exd5 6. Bg5 O-O 7. e3 h6 8. Bxf6 Qxf6 9. a3 Bxc3+ 10. Qxc3 c6 11. Nf3 Bf5 12. Be2 Nd7 13. O-O Rfe8 14. Rfc1 Rac8 15. b4 b6 16. Qb3 Qd6 17. Rc3 Nf6 18. Rd1 Rc7 19. Rcc1 Bg4 20. h3 Bf5 21. a4 Rb8 22. Qb2 Ne4 23. Qb3 Rbc8 24. Ba6 Rd8 25. Be2 Qf6 26. Qa3 Qe7 27. Qb3 Rd6 28. b5 c5 29. dxc5 Nxc5 30. Qb4 Be4 31. a5 Rg6 32. axb6 axb6 33. Rc3 Qf6 34. Qd4 Qe6 35. Kh2 Re7 36. Ra1 Qf5 37. Ra8+ Kh7 38. Ra2 Ree6 39. Rc1 Nb3 0-1

[Event "Carnaval"]
[Site "Quebec CAN"]
[Date "2026.02.21"]
[Round "2"]
[White "Potvin, Alain-Nicolas"]
[Black "Alcantara, Maximo"]
[Result "0-1"]
[WhiteElo "1717"]
[BlackElo "1941"]
[WhiteFideId "-1"]
[BlackFideId "-1"]
[PlyCount "70"]
[GameId "2286552151552045"]
[EventDate "2026.02.20"]
[EventType "swiss"]
[EventRounds "5"]
[EventCountry "CAN"]
[TimeControl "5400+30"]

1. d4 Nf6 2. Nf3 c5 3. e3 e6 4. Bd3 Nc6 5. c3 d5 6. Nbd2 Bd6 7. O-O O-O 8. dxc5 Bxc5 9. e4 e5 10. exd5 Qxd5 11. Qe2 Be7 12. Ne4 Bg4 13. Nxf6+ Bxf6 14. Qe4 Qxe4 15. Bxe4 Rad8 16. Be3 Rd7 17. Rad1 Rfd8 18. Rxd7 Rxd7 19. h3 Bh5 20. g4 Bg6 21. Bxc6 bxc6 22. g5 Bh5 23. Nd2 Be7 24. Re1 f5 25. gxf6 gxf6 26. Nc4 Bf3 27. Nd2 Bd5 28. b3 Be6 29. Kh2 f5 30. Nf3 Bd6 31. Rg1+ Kf8 32. Bh6+ Ke8 33. Ng5 Bd5 34. f3 e4+ 35. Kh1 exf3 0-1

[Event "Carnaval"]
[Site "Quebec CAN"]
[Date "2026.02.21"]
[Round "2"]
[White "Belanger, Mathieu-Olivier"]
[Black "Voisin, Antoine"]
[Result "1-0"]
[WhiteElo "1920"]
[BlackElo "1645"]
[WhiteFideId "-1"]
[BlackFideId "-1"]
[PlyCount "69"]
[GameId "2286552151552046"]
[EventDate "2026.02.20"]
[EventType "swiss"]
[EventRounds "5"]
[EventCountry "CAN"]
[TimeControl "5400+30"]

1. e4 c6 2. Nf3 d5 3. Nc3 dxe4 4. Nxe4 Nf6 5. Qe2 Nxe4 6. Qxe4 Nd7 7. Bc4 Nf6 8. Ne5 e6 9. Qe2 Bd6 10. d4 O-O 11. Bg5 Qa5+ 12. c3 Nd5 13. Bd2 Qc7 14. Bd3 f6 15. Nc4 Nf4 16. Bxf4 Bxf4 17. g3 Bh6 18. f4 b5 19. Ne3 e5 20. Ng2 exf4 21. gxf4 Bxf4 22. Qe4 Bh6 23. Qxh7+ Kf7 24. O-O Be6 25. Rae1 Rae8 26. Bg6+ Ke7 27. Bxe8 Rxe8 28. Nf4 Bxf4 29. Qxg7+ Kd8 30. Qxf6+ Kc8 31. Rxf4 Rg8+ 32. Kf2 Bd5 33. Re7 Qd8 34. Qe5 Rf8 35. Rc7+ 1-0

[Event "Carnaval"]
[Site "Quebec CAN"]
[Date "2026.02.21"]
[Round "2"]
[White "Huynh, Nhu Phuong Nghi"]
[Black "Drolet, Stephane"]
[Result "1-0"]
[WhiteElo "1656"]
[BlackElo "1896"]
[WhiteFideId "-1"]
[BlackFideId "-1"]
[PlyCount "97"]
[GameId "2286552151556143"]
[EventDate "2026.02.20"]
[EventType "swiss"]
[EventRounds "5"]
[EventCountry "CAN"]
[TimeControl "5400+30"]

1. d4 d5 2. c4 c6 3. cxd5 cxd5 4. Nf3 Nc6 5. Nc3 Nf6 6. Bf4 a6 7. h3 Bf5 8. e3 e6 9. Be2 Bb4 10. O-O Rc8 11. Rc1 Qa5 12. a3 Be7 13. Nd2 Qd8 14. b4 O-O 15. Nb3 Bd6 16. Bxd6 Qxd6 17. Nc5 Qe7 18. Bd3 Bxd3 19. Qxd3 Nb8 20. N3a4 Ne8 21. e4 dxe4 22. Nxe4 Nd6 23. Nac5 Nxe4 24. Qxe4 Rc7 25. Rfe1 Rfc8 26. d5 b6 27. Nd3 Rxc1 28. Nxc1 Qb7 29. Nd3 Qxd5 30. Qxd5 exd5 31. Re7 Nc6 32. Rb7 Rb8 33. Rc7 Nd4 34. Rd7 Ne2+ 35. Kf1 Nc3 36. Nf4 Nb5 37. Nxd5 Nxa3 38. Nxb6 Nc2 39. Nd5 Re8 40. f3 h6 41. Rc7 Ne1 42. Rc3 Rd8 43. Nc7 Rd1 44. Nxa6 Rb1 45. Kf2 Rd1 46. b5 Nd3+ 47. Ke2 Nb2 48. Rb3 Rg1 49. b6 1-0

[Event "Carnaval"]
[Site "Quebec CAN"]
[Date "2026.02.21"]
[Round "2"]
[White "Vaillant, Charles-Etienne"]
[Black "Lorge, Edouard"]
[Result "1-0"]
[WhiteElo "1863"]
[BlackElo "1495"]
[WhiteFideId "-1"]
[BlackFideId "-1"]
[PlyCount "55"]
[GameId "2286552151556144"]
[EventDate "2026.02.20"]
[EventType "swiss"]
[EventRounds "5"]
[EventCountry "CAN"]
[TimeControl "5400+30"]

1. c4 e5 2. Nc3 Nc6 3. Nf3 Bc5 4. e3 d6 5. a3 a6 6. d4 exd4 7. exd4 Ba7 8. Bg5 Nf6 9. Nd5 Be6 10. Nxf6+ gxf6 11. Be3 Bg4 12. Be2 Qd7 13. Qd2 O-O-O 14. O-O-O Rhe8 15. Rhe1 Re7 16. h3 Bf5 17. Qc3 Rde8 18. b4 d5 19. c5 Nd8 20. Qb3 c6 21. a4 Bb8 22. Rd2 Ne6 23. b5 axb5 24. axb5 Bf4 25. bxc6 bxc6 26. Ba6+ Kd8 27. Bxf4 Qa7 28. Qb8+ 1-0

[Event "Carnaval"]
[Site "Quebec CAN"]
[Date "2026.02.21"]
[Round "2"]
[White "Lapalme, Gabriel"]
[Black "Audouze, Oscar"]
[Result "0-1"]
[WhiteElo "1530"]
[BlackElo "1844"]
[WhiteFideId "-1"]
[BlackFideId "-1"]
[PlyCount "66"]
[GameId "2286552151556145"]
[EventDate "2026.02.20"]
[EventType "swiss"]
[EventRounds "5"]
[EventCountry "CAN"]
[TimeControl "5400+30"]

1. d4 e6 2. e4 d5 3. Nd2 c5 4. Ngf3 cxd4 5. Nxd4 Nf6 6. exd5 Nxd5 7. N2b3 Be7 8. a3 O-O 9. Bd3 a5 10. Nf3 Nd7 11. O-O a4 12. Nbd4 Nc5 13. Be2 Qc7 14. Nb5 Qb6 15. b4 axb3 16. cxb3 Bd7 17. a4 Bxb5 18. Bxb5 Nc3 19. Qc2 Nxb5 20. Be3 Nc7 21. Rac1 N7a6 22. Nd4 Rac8 23. Nb5 Nb4 24. Qc4 Nd5 25. Bd4 Qa5 26. f4 Nb6 27. Qc2 Ncxa4 28. Qe2 Nc5 29. Bc3 Qa8 30. Ra1 Na6 31. Qe5 Bf6 32. Qe3 Nd5 33. Qf2 Nxc3 0-1

[Event "Carnaval"]
[Site "Quebec CAN"]
[Date "2026.02.21"]
[Round "3"]
[White "Adam, Rafael"]
[Black "Sambuev, Bator"]
[Result "0-1"]
[WhiteElo "2304"]
[BlackElo "2536"]
[WhiteFideId "-1"]
[BlackFideId "-1"]
[PlyCount "68"]
[GameId "2286552151560242"]
[EventDate "2026.02.20"]
[EventType "swiss"]
[EventRounds "5"]
[EventCountry "CAN"]
[TimeControl "5400+30"]

1. Nf3 d5 2. g3 c5 3. Bg2 Nf6 4. O-O e6 5. c4 d4 6. e3 Nc6 7. exd4 cxd4 8. d3 Nd7 9. Na3 e5 10. Bg5 Qb6 11. Re1 f6 12. Bd2 Nc5 13. Qc2 Bf5 14. Bf1 Be7 15. b4 Nxb4 16. Bxb4 Qxb4 17. Nb5 Rd8 18. Nc7+ Kf7 19. Nh4 Bg4 20. h3 Bc8 21. Nd5 Qa4 22. Qe2 Rhe8 23. Qh5+ Kg8 24. Nc7 Rf8 25. Bg2 Rf7 26. Bd5 Rxd5 27. cxd5 Nxd3 28. Re2 Qd7 29. Qf3 Nc5 30. Ne6 Nxe6 31. dxe6 Qxe6 32. Rc1 Bb4 33. Ng2 Bc3 34. Nf4 Qc6 0-1

[Event "Carnaval"]
[Site "Quebec CAN"]
[Date "2026.02.21"]
[Round "3"]
[White "Song, Julien"]
[Black "Rainfray, Arnaud"]
[Result "1-0"]
[WhiteElo "2458"]
[BlackElo "2336"]
[WhiteFideId "-1"]
[BlackFideId "-1"]
[PlyCount "95"]
[GameId "2286552151564339"]
[EventDate "2026.02.20"]
[EventType "swiss"]
[EventRounds "5"]
[EventCountry "CAN"]
[TimeControl "5400+30"]

1. d4 d5 2. c4 e6 3. Nf3 Nf6 4. e3 c5 5. cxd5 exd5 6. Be2 Nc6 7. O-O cxd4 8. exd4 Ne4 9. Nc3 Nxc3 10. bxc3 Be7 11. Bd3 O-O 12. h3 Bd6 13. Rb1 Qc7 14. Re1 Rb8 15. Qc2 h6 16. Be3 Be6 17. Qd2 Ne7 18. Bxh6 Nf5 19. Bg5 Rbe8 20. Bc2 Bc8 21. Nh4 Nxh4 22. Bxh4 Bf4 23. Qd3 g6 24. g4 Kg7 25. Kg2 b6 26. Bg3 Bxg3 27. Qxg3 Qxg3+ 28. Kxg3 Ba6 29. Bb3 Rc8 30. Re3 Bc4 31. Kf4 Rc7 32. h4 Rfc8 33. h5 gxh5 34. gxh5 Kh6 35. Bxc4 Rxc4 36. Rb5 Rxc3 37. Rxd5 Rc2 38. Rd6+ Kh7 39. f3 R8c7 40. Re8 Rh2 41. Rdd8 Kg7 42. h6+ Kh7 43. d5 Rh5 44. d6 Rcc5 45. Rh8+ Kg6 46. Rdg8+ Kf6 47. d7 Rhf5+ 48. Kg3 1-0

[Event "Carnaval"]
[Site "Quebec CAN"]
[Date "2026.02.21"]
[Round "3"]
[White "Gutierrez, Renzo"]
[Black "Belanger, Mathieu-Olivier"]
[Result "1-0"]
[WhiteElo "2206"]
[BlackElo "1920"]
[WhiteFideId "-1"]
[BlackFideId "-1"]
[PlyCount "113"]
[GameId "2286552151564340"]
[EventDate "2026.02.20"]
[EventType "swiss"]
[EventRounds "5"]
[EventCountry "CAN"]
[TimeControl "5400+30"]

1. d4 Nf6 2. c4 g6 3. f3 Bg7 4. e4 d6 5. Nc3 O-O 6. Be3 e5 7. d5 a5 8. Nge2 Nfd7 9. Qd2 Nc5 10. g4 Nba6 11. O-O-O Bd7 12. Kb1 Rb8 13. h4 f5 14. gxf5 gxf5 15. Nc1 f4 16. Bf2 Kh8 17. Bh3 Bxh3 18. Rxh3 Qd7 19. Rh2 Bf6 20. Rg1 Rg8 21. Rxg8+ Rxg8 22. Nd3 b6 23. Nxc5 Nxc5 24. b3 h5 25. Kc2 Rg6 26. Qe2 Qg7 27. Qf1 Kh7 28. Nb5 Kh6 29. Qh3 Bd8 30. a3 Qd7 31. Qxd7 Nxd7 32. b4 axb4 33. axb4 Nf6 34. Be1 Rg1 35. Kd2 Ng4 36. Re2 Ne3 37. Kd3 Rg2 38. Rxg2 Nxg2 39. Bf2 Nxh4 40. Bxh4 Bxh4 41. Nxc7 Be7 42. Ke2 Kg6 43. Kf2 Kh6 44. Kg2 Kg6 45. Kh3 Kg7 46. Nb5 Kf7 47. Na7 Ke8 48. Nc8 Kd7 49. Nxe7 Kxe7 50. Kh4 Kf8 51. Kxh5 Kf7 52. Kg5 Kg7 53. Kf5 Kf7 54. b5 Ke7 55. Kg6 Ke8 56. Kf6 Kd7 57. Kf7 1-0

[Event "Carnaval"]
[Site "Quebec CAN"]
[Date "2026.02.21"]
[Round "3"]
[White "Lamontagne, Damien"]
[Black "Di Matteo, Alessio"]
[Result "1-0"]
[WhiteElo "1905"]
[BlackElo "2048"]
[WhiteFideId "-1"]
[BlackFideId "-1"]
[PlyCount "79"]
[GameId "2286552151564341"]
[EventDate "2026.02.20"]
[EventType "swiss"]
[EventRounds "5"]
[EventCountry "CAN"]
[TimeControl "5400+30"]

1. e4 c5 2. Nf3 e6 3. d4 cxd4 4. Nxd4 Nc6 5. Nc3 Qc7 6. Be3 a6 7. Qd2 Nf6 8. f3 Be7 9. O-O-O b5 10. g4 Nxd4 11. Bxd4 Bb7 12. Kb1 Rc8 13. h4 b4 14. Na4 d5 15. Nb6 Rd8 16. e5 Nd7 17. Nxd7 Qxd7 18. Bd3 a5 19. f4 O-O 20. f5 f6 21. fxe6 Qxe6 22. Bf5 Qc6 23. e6 Kh8 24. g5 Bc8 25. Qe3 Rde8 26. h5 Kg8 27. Qh3 fxg5 28. Bxh7+ Kxh7 29. Qd3+ Kg8 30. h6 Qxe6 31. hxg7 Rf5 32. Rh8+ Kf7 33. Rxe8 Kxe8 34. Qxf5 Qxf5 35. g8=Q+ Kd7 36. Bc5 Bb7 37. Bxe7 Kxe7 38. Qg7+ Kd6 39. Qxb7 g4 40. Qb6+ 1-0

[Event "Carnaval"]
[Site "Quebec CAN"]
[Date "2026.02.21"]
[Round "3"]
[White "Drolet, Louis-Charles"]
[Black "Vaillant, Charles-Etienne"]
[Result "0-1"]
[WhiteElo "1992"]
[BlackElo "1863"]
[WhiteFideId "-1"]
[BlackFideId "-1"]
[PlyCount "80"]
[GameId "2286552151568438"]
[EventDate "2026.02.20"]
[EventType "swiss"]
[EventRounds "5"]
[EventCountry "CAN"]
[TimeControl "5400+30"]

1. d4 d5 2. c4 c6 3. cxd5 cxd5 4. Nc3 Nf6 5. Nf3 Nc6 6. Bf4 a6 7. h3 Bf5 8. e3 e6 9. Bd3 Bxd3 10. Qxd3 Bd6 11. Bxd6 Qxd6 12. O-O O-O 13. Rac1 Rac8 14. Na4 Rc7 15. Nc5 Rfc8 16. Qb1 a5 17. b3 b6 18. Nd3 Ne4 19. Qb2 Nb4 20. Nxb4 axb4 21. Nd2 Nc3 22. Kh1 Ra8 23. Ra1 Rca7 24. a4 b5 25. axb5 Nxb5 26. Rxa7 Rxa7 27. Rc1 Nc3 28. Ra1 Qb8 29. Rxa7 Qxa7 30. Nb1 Qa5 31. Kh2 g5 32. Nd2 Kg7 33. Nf3 Qc7+ 34. g3 Ne4 35. Kg2 h6 36. Qa2 Qc3 37. Ne5 Qe1 38. Nf3 Qc3 39. g4 Qc1 40. Nh2 Qd2 0-1

[Event "Carnaval"]
[Site "Quebec CAN"]
[Date "2026.02.21"]
[Round "3"]
[White "Audouze, Oscar"]
[Black "Iordanescu, Victor Nicolae"]
[Result "0-1"]
[WhiteElo "1844"]
[BlackElo "1992"]
[WhiteFideId "-1"]
[BlackFideId "-1"]
[PlyCount "40"]
[GameId "2286552151568439"]
[EventDate "2026.02.20"]
[EventType "swiss"]
[EventRounds "5"]
[EventCountry "CAN"]
[TimeControl "5400+30"]

1. d4 Nf6 2. c4 e6 3. Nc3 Bb4 4. Qc2 h6 5. e4 c5 6. d5 exd5 7. exd5 b5 8. b3 Qe7+ 9. Be2 O-O 10. Nf3 Re8 11. O-O Bxc3 12. Qxc3 Qxe2 13. Re1 b4 14. Rxe2 bxc3 15. Rxe8+ Nxe8 16. Be3 d6 17. Rc1 Bg4 18. Ne1 a5 19. a4 Nd7 20. Rxc3 Rb8 0-1

[Event "Carnaval"]
[Site "Quebec CAN"]
[Date "2026.02.21"]
[Round "3"]
[White "Bourassa, Samuel"]
[Black "Cassista, Jeremie"]
[Result "1/2-1/2"]
[WhiteElo "1992"]
[BlackElo "1814"]
[WhiteFideId "-1"]
[BlackFideId "-1"]
[PlyCount "71"]
[GameId "2286552151572536"]
[EventDate "2026.02.20"]
[EventType "swiss"]
[EventRounds "5"]
[EventCountry "CAN"]
[TimeControl "5400+30"]

1. e4 c6 2. Nc3 d5 3. Nf3 Bg4 4. h3 Bh5 5. exd5 cxd5 6. d4 e6 7. a3 Nc6 8. Be2 Bd6 9. Be3 Nge7 10. Qd2 a6 11. O-O Nf5 12. Rfe1 Nxe3 13. Qxe3 O-O 14. Ne5 Bxe2 15. Nxc6 bxc6 16. Nxe2 Qb6 17. b4 a5 18. c3 Ra7 19. Qd2 Rfa8 20. Qb2 Qb5 21. Kf1 Qc4 22. Reb1 g6 23. Ke1 e5 24. Qb3 axb4 25. cxb4 Qxb3 26. Rxb3 Rxa3 27. Raxa3 Rxa3 28. Rxa3 Bxb4+ 29. Kd1 Bxa3 30. dxe5 Bc5 31. f4 Be3 32. Kc2 Kf8 33. Kd3 Bf2 34. g4 Ke7 35. f5 gxf5 36. gxf5 1/2-1/2

[Event "Carnaval"]
[Site "Quebec CAN"]
[Date "2026.02.21"]
[Round "3"]
[White "Chua, Zachary"]
[Black "Wilkin, Alain"]
[Result "0-1"]
[WhiteElo "1971"]
[BlackElo "1813"]
[WhiteFideId "-1"]
[BlackFideId "-1"]
[PlyCount "124"]
[GameId "2286552151572537"]
[EventDate "2026.02.20"]
[EventType "swiss"]
[EventRounds "5"]
[EventCountry "CAN"]
[TimeControl "5400+30"]

1. d4 Nf6 2. Bf4 d6 3. e3 g6 4. h3 Bg7 5. Nf3 O-O 6. Nbd2 b6 7. Be2 Bb7 8. O-O Nfd7 9. e4 e5 10. Bg5 f6 11. Be3 Qe7 12. Bc4+ Kh8 13. c3 Nc6 14. a3 Nd8 15. g3 f5 16. exf5 gxf5 17. Bg5 Nf6 18. Nh4 Qd7 19. dxe5 dxe5 20. Ndf3 Qc6 21. Bd3 Ne4 22. Kh2 Ne6 23. Bc1 Nd6 24. Ng5 Nxg5 25. Bxg5 Ne4 26. Be7 Rf7 27. Bxe4 fxe4 28. Bg5 Raf8 29. Be3 Ba6 30. Rg1 Bh6 31. Qh5 Bg7 32. Rad1 Kg8 33. Qg5 Bd3 34. g4 Qf6 35. Qxf6 Rxf6 36. Nf5 Re8 37. f3 Rf7 38. Rd2 Kf8 39. Rgd1 Kg8 40. Bh6 Rxf5 41. gxf5 Bxh6 42. Rg2+ Kf7 43. Rg4 Bf4+ 44. Kg1 Kf6 45. Kf2 e3+ 46. Ke1 Bxf5 47. Rg1 h5 48. Ke2 h4 49. Rh1 Be6 50. Kd3 Rd8+ 51. Kc2 Bf5+ 52. Kb3 Rxd1 53. Rxd1 e2 54. Re1 Bd3 55. c4 Bd2 56. c5 Bxe1 57. cxb6 axb6 58. Ka4 Bf2 59. b4 e1=Q 60. Kb3 Qd1+ 61. Kb2 Bd4+ 62. Ka2 Bc4# 0-1

[Event "Carnaval"]
[Site "Quebec CAN"]
[Date "2026.02.21"]
[Round "3"]
[White "Wu, Ting En Ryan"]
[Black "Saine, Zachary"]
[Result "1/2-1/2"]
[WhiteElo "1839"]
[BlackElo "2133"]
[WhiteFideId "-1"]
[BlackFideId "-1"]
[PlyCount "52"]
[GameId "2286552151576634"]
[EventDate "2026.02.20"]
[EventType "swiss"]
[EventRounds "5"]
[EventCountry "CAN"]
[TimeControl "5400+30"]

1. e4 c5 2. Nf3 Nc6 3. d4 cxd4 4. Nxd4 e5 5. Nb5 d6 6. N1c3 a6 7. Na3 Be6 8. Nd5 Nf6 9. Bg5 Bxd5 10. Bxf6 Qa5+ 11. c3 Bxe4 12. Nc4 Qc7 13. Bxg7 Rg8 14. Bxf8 Kxf8 15. f3 Bg6 16. Qxd6+ Qxd6 17. Nxd6 Ke7 18. O-O-O b5 19. Bd3 Bxd3 20. Rxd3 Rxg2 21. Nf5+ Ke6 22. Ne3 Rgg8 23. Rhd1 Rad8 24. Nd5 Rc8 25. Nb6 Rcd8 26. Nd5 Rc8 1/2-1/2

[Event "Carnaval"]
[Site "Quebec CAN"]
[Date "2026.02.21"]
[Round "3"]
[White "Page-Fortin, Mathieu"]
[Black "Savard, Alexandre"]
[Result "1-0"]
[WhiteElo "1954"]
[BlackElo "1774"]
[WhiteFideId "-1"]
[BlackFideId "-1"]
[PlyCount "33"]
[GameId "2286552151576635"]
[EventDate "2026.02.20"]
[EventType "swiss"]
[EventRounds "5"]
[EventCountry "CAN"]
[TimeControl "5400+30"]

1. b3 e5 2. Bb2 Nc6 3. e3 d5 4. Bb5 Bd6 5. f4 Qe7 6. Nf3 f6 7. Nc3 Be6 8. O-O O-O-O 9. Bxc6 bxc6 10. Qe2 Nh6 11. Rae1 g5 12. fxe5 fxe5 13. Na4 Bg4 14. Qa6+ Kd7 15. Nc5+ Bxc5 16. Nxe5+ Ke6 17. Nxc6 1-0

[Event "Carnaval"]
[Site "Quebec CAN"]
[Date "2026.02.21"]
[Round "3"]
[White "Alcantara, Maximo"]
[Black "Huynh, Nhu Phuong Nghi"]
[Result "1-0"]
[WhiteElo "1941"]
[BlackElo "1656"]
[WhiteFideId "-1"]
[BlackFideId "-1"]
[PlyCount "47"]
[GameId "2286552151576636"]
[EventDate "2026.02.20"]
[EventType "swiss"]
[EventRounds "5"]
[EventCountry "CAN"]
[TimeControl "5400+30"]

1. e4 d6 2. d4 g6 3. Be3 Bg7 4. Qd2 e5 5. dxe5 Bxe5 6. c4 Nc6 7. Nc3 Be6 8. f4 Bg7 9. Nf3 f5 10. Ng5 Bd7 11. Bd3 h6 12. Nf3 Nf6 13. exf5 gxf5 14. O-O O-O 15. h3 Re8 16. Rae1 Ne4 17. Bxe4 fxe4 18. Qd5+ Be6 19. Qxe4 Bxh3 20. Qg6 Be6 21. f5 Bf7 22. Qg4 Kh8 23. Qh3 Qf6 24. Bg5 1-0

[Event "Carnaval"]
[Site "Quebec CAN"]
[Date "2026.02.21"]
[Round "3"]
[White "Bain-Thouverez, Aurelien"]
[Black "Papineau Esq, Daniel"]
[Result "0-1"]
[WhiteElo "1821"]
[BlackElo "2010"]
[WhiteFideId "-1"]
[BlackFideId "-1"]
[PlyCount "116"]
[GameId "2286552151580733"]
[EventDate "2026.02.20"]
[EventType "swiss"]
[EventRounds "5"]
[EventCountry "CAN"]
[TimeControl "5400+30"]

1. Nf3 Nf6 2. g3 g6 3. Bg2 Bg7 4. c4 d5 5. cxd5 Nxd5 6. Nc3 Nb6 7. O-O O-O 8. d3 Nc6 9. Be3 e5 10. Bg5 f6 11. Qb3+ Kh8 12. Be3 Re8 13. Rfe1 Be6 14. Qd1 Nd5 15. Bd2 Qd7 16. Ne4 b6 17. Rc1 Nd8 18. d4 Bf5 19. Nc3 e4 20. Nh4 Nxc3 21. bxc3 Bh3 22. Bh1 g5 23. Ng2 Nf7 24. Ne3 Rad8 25. Qc2 f5 26. a4 f4 27. Nd1 Nd6 28. c4 Nf5 29. Bxe4 Nxd4 30. Qd3 Qe7 31. Nc3 Nb3 32. Bd5 Nxc1 33. Bxc1 c6 34. gxf4 g4 35. e4 cxd5 36. cxd5 Qc5 37. Bd2 Rc8 38. Rc1 Qa3 39. d6 Red8 40. e5 Qb3 41. Qe4 Qe6 42. Re1 g3 43. hxg3 Bf5 44. Qb7 Qc4 45. Nd5 Qd3 46. Be3 Be4 47. d7 Rb8 48. Nb4 Rxb7 49. Nxd3 Bxd3 50. e6 Bf6 51. g4 h6 52. f5 Kg7 53. f4 Rbxd7 54. exd7 Rxd7 55. Kg2 Bc2 56. g5 Bc3 57. f6+ Kg6 58. Bc1 Bxe1 0-1